01198nam a22001337a 450000500170000000800410001702000180005805000180007610000030009424500440009726000250014130000320016650508660019820230620113733.0230620b ||||| |||| 00| 0 eng d a2920301041415 aHF5657.4.H365  aManaging financial resourcescJim Hatch aLondon:bIvey,c2015 avarious pages:bill.;c29cm aContents: The royal manufacturing Inc. -- NCB office products Inc. -- Sophisticated petits-- George Haddad Menswear limited -- Valuing Wal-Mart-2010 -- Boarders hotel corp. -- Granite Apparel: funding an expansion -- Rocky mountain high ski resort--Blaine kitchenware, Inc.: capital structure -- Anheuser - Busch and Campbell Taggart -- Champion road machinery -- Telus: the coast of capital -- Teletech corporation, 2005 -- Hongxing auto sales and service Co. -- Industrial accessories Ltd. -- Pinkerton (A) -- MFR Segment course outline--Note on legal aspects of secured lending in Canada --Introductory class comments-- Collateral security and bankruptcy -- Debt market and interest rates -- Note on sustainable growth in dividends -- Note on blended payments -- Note on calculation of burden coverage -- Risk and CAPM -- WACC lecture -- Valuation methods --